<?xml version="1.0" encoding="UTF-8"?>
<record
    xmlns:xsi="http://www.w3.org/2001/XMLSchema-instance"
    xsi:schemaLocation="http://www.loc.gov/MARC21/slim http://www.loc.gov/standards/marcxml/schema/MARC21slim.xsd"
    xmlns="http://www.loc.gov/MARC21/slim">

  <leader>00195nam a2200085   4500</leader>
  <controlfield tag="001">1232648</controlfield>
  <controlfield tag="005">20250923095707.0</controlfield>
  <datafield tag="245" ind1=" " ind2=" ">
    <subfield code="a">FARKLI D&#xDC;&#x15E;&#xDC;N FARKLI YAZ</subfield>
    <subfield code="c">YASEM&#x130;N &#x15E;AH&#x130;N</subfield>
  </datafield>
  <datafield tag="260" ind1=" " ind2=" ">
    <subfield code="b">T&#xDC;B&#x130;TAK</subfield>
  </datafield>
  <datafield tag="999" ind1=" " ind2=" ">
    <subfield code="c">1232648</subfield>
    <subfield code="d">1232648</subfield>
  </datafield>
  <datafield tag="952" ind1=" " ind2=" ">
    <subfield code="0">0</subfield>
    <subfield code="1">0</subfield>
    <subfield code="2">ddc</subfield>
    <subfield code="4">0</subfield>
    <subfield code="7">0</subfield>
    <subfield code="a">1031</subfield>
    <subfield code="b">1031</subfield>
    <subfield code="d">2025-09-23</subfield>
    <subfield code="l">1</subfield>
    <subfield code="o">A-6</subfield>
    <subfield code="p">10317406</subfield>
    <subfield code="r">2025-10-15 10:38:16</subfield>
    <subfield code="s">2025-10-15</subfield>
    <subfield code="w">2025-09-23</subfield>
    <subfield code="y">BK</subfield>
  </datafield>
  <datafield tag="952" ind1=" " ind2=" ">
    <subfield code="0">0</subfield>
    <subfield code="1">0</subfield>
    <subfield code="2">ddc</subfield>
    <subfield code="4">0</subfield>
    <subfield code="7">0</subfield>
    <subfield code="a">1031</subfield>
    <subfield code="b">1031</subfield>
    <subfield code="d">2025-09-23</subfield>
    <subfield code="l">1</subfield>
    <subfield code="o">A-6</subfield>
    <subfield code="p">10317407</subfield>
    <subfield code="r">2025-10-15 10:38:55</subfield>
    <subfield code="s">2025-10-15</subfield>
    <subfield code="w">2025-09-23</subfield>
    <subfield code="y">BK</subfield>
  </datafield>
</record>
